ბათუმის შოთა რუსთაველის სახელმწიფო უნივერსიტეტის ბიბლიოთეკა

ქართული სამართლის ძეგლები : (ბიბ.ჩანაწერი № 38030)

000 -ლიდერი
ფიქსირებული სიგრძის საკონტროლო ველი 01185nam a2200217Ia 4500
001 - საკონტროლო ნომერი
საკონტროლო ველი 4016
003 - საკონტროლო ნომრის იდენტიფიკატორი
საკონტროლო ველი GE_BSU
005 - ბოლო ოპერაციის თარიღი და დრო
საკონტროლო ველი 20190826170845.0
008 - ფიქსირებული სიგრძის მონაცემთა ელემენტები - ზოგადი ინფორმაცია
ფიქსირებული სიგრძის საკონტროლო ველი 181216s1985||||ge |||||||||||||| ||geo||
040 ## - კატალოგიზაციის წყარო
Transcribing agency GE_BSU
041 ## - ენის კოდი
Language code of text/sound track or separate title geo
080 ## - უნივერსალური ათობითი კლასიფიკაციის ინდექსი
Universal Decimal Classification number 34(479.22)(091) ქ–27
245 ## - ცნობა სათაურის შესახებ
Title ქართული სამართლის ძეგლები :
Remainder of title ტ. 8 : სასამართლო არზა-ოქმები და კერძო-სამართლებრივი აქტები /
Statement of responsibility, etc ტექსტი გამოსაც. მოამზადა და შენიშვნ. დაურთო ი. დოლიძემ ; შემდგ. დ. მეგრელიძე
264 ## - წარმოების, გამოცემის, დისტრიბუციის და სხვა ცნობები
გამოცემის, წარმოების, დისტრიბუციის... ადგილი თბ.:
გამოცემის, წარმოების, დისტრიბუციის... სახელწოდება მეცნიერება,
გამოცემის, წარმოების, დისტრიბუციის... თარიღი 1985.
300 ## - ფიზიკური აღწერა
Extent 1124 გვ.;
Other physical details 22 სმ.
653 ## - INDEX TERM--UNCONTROLLED
Uncontrolled term ქართული სამართლის ძეგლები
700 ## - ADDED ENTRY--PERSONAL NAME
Personal name დოლიძე, ი.
Relator term ტექსტის ავტორი
9 (RLIN) 3777
700 ## - ADDED ENTRY--PERSONAL NAME
Personal name მეგრელიძე, დ.
Relator term შემდგენელი
9 (RLIN) 3786
710 ## - ADDED ENTRY--CORPORATE NAME
Corporate name or jurisdiction name as entry element საქ. სსრ მეცნ. აკადემია.
9 (RLIN) 3787
942 ## - ADDED ENTRY ELEMENTS (KOHA)
Koha item type წიგნი
Source of classification or shelving scheme
ეგზემპლარები
ჩამოწერის სტატუსი დაკარგული ეგზემპლარის სტატუსი კლასიფიკაციის წყარო ან თაროზე გაწყობის სქემა დაზიანების სტატუსი არ გაიცემა მუდმივი მდებარეობა (დაცვის ადგილი) ამჟამინდელი ადგილსამყოფელი თაროზე განთავსების ადგილი შეძენის თარიღი ღირებულება, შესყიდვის ნორმალური ფასი სრული შენახვის შიფრი შტრიხკოდი ბოლო ოპერაციის თარიღი ეგზემპლარის მიმდევრობითი ნომერი (კეტერი?) ფასის ძალაში შესვლის თარიღი ეგზემპლარის სახეობა საჯარო შენიშვნა
          ბათუმის შოთა რუსთაველის სახელმწიფო უნივერსიტეტის მთავარი ბიბლიოთეკა ბათუმის შოთა რუსთაველის სახელმწიფო უნივერსიტეტის მთავარი ბიბლიოთეკა წიგნსაცავი 2018-12-17 20.00 34(479.22)(091) ქ–27 5526 2018-12-17 5526 2018-12-17 წიგნი 20 ლ.